| 000 | 00973nam a22002297a 4500 | ||
|---|---|---|---|
| 999 |
_c9318 _d9318 |
||
| 003 | AR-CdUCM | ||
| 008 | 190327b ||||| |||| 00| 0 spa d | ||
| 040 |
_aMUNICIPALIDAD PROVINCIAL DEL CUSCO _cBIBLIOTECA MUNICIPAL DEL CUSCO |
||
| 082 |
_a372.357 / _bV23 |
||
| 100 |
_aValle, Mirian _925435 |
||
| 245 |
_aEducación ambiental como tema transversal : _bmanual par trabajar en la programación de aula / |
||
| 260 |
_aLima : _bCONAM, |
||
| 300 |
_a64 páginas ; _bIlustraciones, _c30 cm. |
||
| 505 | _aEl tema transversal -- Que son temas transversales -- Características de los temas transversales -- La educación ambiental como tema transversal -- Enfoque de la educación ambiental -- Toma de conciencia ambiental ... | ||
| 650 |
_aEducación ambiental _915424 |
||
| 650 |
_aMedio ambiente _97215 |
||
| 650 |
_aEducación sanitaria _924952 |
||
| 650 |
_aMetodología _92264 |
||
| 710 |
_aConsejo Nacional del Ambiente _925436 |
||
| 942 |
_2ddc _cLIBROS |
||
| 945 | _aacv | ||